Statistics for Melanie Martinez Song Quiz

Click here to take the quiz!

General Stats

  • This quiz has been taken 1,189 times
  • The average score is 11 of 13

Answer Stats

QuestionAnswer% Correct
Which song has "Maybe it's a cruel joke on me. Whatever, whatever." on its lyrics?Pity Party
97%
Which is NOT a song on the K-12 AlbumAlphabet Boy
95%
Which is NOT a song on the Crybaby Album?Orange Juice
95%
Which album has Detention?K-12 Album
94%
Which is NOT a song on the After School EP?Mad Hatter
93%
Which song has "...but was it yours? If you wanted me so bad?" on its lyrics?Pacify Her
92%
Which album has Brain & Heart?After School EP
85%
Which song has "Is it necessary? Detachment is scary." on its lyrics?Glued
85%
What was the last song in the K-12 album?Recess
81%
How many songs were there in the Crybaby Album?13
73%
What was the first music video made in the After Schoop EP?The Bakery
71%
Which album has Bittersweet Tragedies?Dollhouse EP
66%
What was the first song released by Melanie Martinez?Dollhouse
56%

Score Distribution

Percentile by Number Answered

Percent of People with Each Score

Your Score History

You have not taken this quiz